L'étoile du nord [ (Record no. 169014)

MARC details
000 -LEADER
campo de control de longitud fija 00676nam a22001815i 4500
001 - NÚMERO DE CONTROL
campo de control 169014
003 - IDENTIFICADOR DE NÚMERO DE CONTROL
campo de control ES-MaACL
005 - FECHA Y HORA DE LA ÚLTIMA TRANSACCIÓN
campo de control 20230906213949.0
008 - DATOS DE LONGITUD FIJA--INFORMACIÓN GENERAL
campo de control de longitud fija 080724s1854 fr |||| | fre d
080 ## - NÚMERO DE LA CLASIFICACIÓN DECIMAL UNIVERSAL
Número de la Clasificación Decimal Universal 782.089.6
100 1# - ENTRADA PRINCIPAL--NOMBRE DE PERSONA
Nombre de persona Meyerbeer, Giacomo.
9 (RLIN) 80809
245 12 - MENCIÓN DEL TÍTULO
Título L'étoile du nord [
Medio música impresa]
Resto del título : opéra-comique en trois actes /
Mención de responsabilidad, etc. paroles de Eug. Scribe ; [musique de] G. Meyerbeer.
260 ## - PUBLICACIÓN, DISTRIBUCIÓN, ETC.
Lugar de publicación, distribución, etc. Paris :
Nombre del editor, distribuidor, etc. Brandus & Cie.,
Fecha de publicación, distribución, etc. [1854]
300 ## - DESCRIPCIÓN FÍSICA
Extensión 1 partitura vocal (404 p.) ;
Dimensiones 28 cm.
650 14 - PUNTO DE ACCESO ADICIONAL DE MATERIA--TÉRMINO DE MATERIA
Término de materia o nombre geográfico como elemento de entrada Óperas-
Subdivisión general Partituras vocales.
9 (RLIN) 137997
700 1# - ENTRADA AGREGADA--NOMBRE PERSONAL
Nombre de persona Scribe, Eugène.
9 (RLIN) 104966
852 4# - LOCALIZACIÓN
Ubicación ES-MaACL
Número de control de estantería L-29302
itemnumber R.143685
Nota libre Biblioteca Jacinto Martínez Lacalle
Holdings
Estatus retirado Estado de pérdida Fuente del sistema de clasificación o colocación Estado de daño No para préstamo Colección Biblioteca de origen Biblioteca actual Ubicación en estantería Fecha de adquisición Total de préstamos Signatura topográfica completa Código de barras Visto por última vez Precio de reemplazo Tipo de ítem Koha
    Clasificación decimal universal     Libros del s. XIX Biblioteca del Ateneo de Madrid Biblioteca del Ateneo de Madrid Depósito 2 24/07/2008   L-29302 1177389 23/02/2023 23/02/2023 Partitura